LIBRARY & INFORMATION CENTRE, KCAET, TAVANUR

ONLINE PUBLIC ACCESS CATALOGUE (OPAC)

Basic principles of nuclear science and reactors / (Record no. 7451)

MARC details
000 -LEADER
fixed length control field 00547cam a2200205ua 4500
041 ## - LANGUAGE CODE
Language code of text/sound track or separate title eng
082 ## - DEWEY DECIMAL CLASSIFICATION NUMBER
Classification number 539.7
Item number JAC/BA
100 ## - MAIN ENTRY--AUTHOR NAME
Personal name Jacobs, Alan M .
245 ## - TITLE STATEMENT
Title Basic principles of nuclear science and reactors /
250 ## - EDITION STATEMENT
Edition statement 1 /
260 ## - PUBLICATION, DISTRIBUTION, ETC. (IMPRINT)
Place of publication New Delhi :
Name of publisher Affiliated East West Press Pvt Ltd ,
Year of publication 1966.
300 ## - PHYSICAL DESCRIPTION
Number of Pages 262 ; .
700 1# - ADDED ENTRY--PERSONAL NAME
Personal name Kline, Donald E .
700 1# - ADDED ENTRY--PERSONAL NAME
Personal name Remick, Forest J .
942 ## - ADDED ENTRY ELEMENTS (KOHA)
Koha item type Books
Holdings
Withdrawn status Lost status Damaged status Home library Current library Date acquired Full call number Accession Number Koha item type
      KAUAET KAUAET 07/04/2012 539.7 JAC/BA 11577 Books
free website counter